|
|
|
|
| LEADER |
00000cam a2200000 i 4500 |
| 001 |
1/62243 |
| 008 |
141218s1948 eng d |
| 035 |
|
|
|l 10120194
|
| 040 |
|
|
|a GR-MY-UA
|b gre
|e aacr
|
| 041 |
0 |
|
|a eng
|
| 082 |
0 |
|
|a 810.8
|2 (23)
|
| 100 |
1 |
|
|a Robins, John D.,
|d 1884-1952.
|
| 245 |
1 |
2 |
|a A pocketful of Canada /
|c edited by John D. Robins ; wood engravings by Laurence Hyde
|
| 260 |
|
|
|a [Canada] :
|b Collins,
|c [1948]
|
| 300 |
|
|
|a 347 σ.;
|c 18 εκ.
|
| 500 |
|
|
|a Στη σ. τ. σφραγίδα "Δημόσια Εμπορική Σχολή Σάμου Εν Καρλοβασίω" αρ. 150
|
| 650 |
0 |
0 |
|a Canadian literature.
|
| 852 |
|
|
|a INST
|b SAMOS
|c PORFYRIADA
|e 20141218
|h 810.8 ROB
|p 005300040968
|q 005300040968
|t NOLOAN
|y 23
|
| 901 |
|
|
|a BIBL3-2014-3
|
| 909 |
|
|
|a Σ
|b 185580
|
| 970 |
|
|
|a ΣΙΤΖΙΜΗ
|b ΓΙΑΣΕΜΗ
|z 2014/12/18
|